<?xml version="1.0" encoding="UTF-8"?>
<record
    xmlns:xsi="http://www.w3.org/2001/XMLSchema-instance"
    xsi:schemaLocation="http://www.loc.gov/MARC21/slim http://www.loc.gov/standards/marcxml/schema/MARC21slim.xsd"
    xmlns="http://www.loc.gov/MARC21/slim">

  <leader>02273cam a2200325 i 4500</leader>
  <controlfield tag="003">SA-RiAUC</controlfield>
  <controlfield tag="005">20250105140140.0</controlfield>
  <controlfield tag="008">250105s2011____ua     g b    000 0 ara c</controlfield>
  <datafield tag="020" ind1=" " ind2=" ">
    <subfield code="a">9789773441878</subfield>
  </datafield>
  <datafield tag="024" ind1="0" ind2=" ">
    <subfield code="a">33000000004525</subfield>
  </datafield>
  <datafield tag="024" ind1="0" ind2=" ">
    <subfield code="a">33000000010099</subfield>
  </datafield>
  <datafield tag="040" ind1=" " ind2=" ">
    <subfield code="a">SA-DmIAFU</subfield>
    <subfield code="b">ara</subfield>
    <subfield code="c">SA-RiAUC</subfield>
    <subfield code="e">rda</subfield>
  </datafield>
  <datafield tag="050" ind1=" " ind2="4">
    <subfield code="b">A35 2011</subfield>
  </datafield>
  <datafield tag="082" ind1="0" ind2="4">
    <subfield code="a">258.2</subfield>
    <subfield code="q">SA-RiAUC</subfield>
  </datafield>
  <datafield tag="090" ind1=" " ind2=" ">
    <subfield code="a">258.2    </subfield>
    <subfield code="b">    &#x62A; &#x644; &#x645;</subfield>
  </datafield>
  <datafield tag="100" ind1="1" ind2=" ">
    <subfield code="a">&#x627;&#x644;&#x62A;&#x644;&#x645;&#x633;&#x627;&#x646;&#x64A;&#x60C; &#x625;&#x628;&#x631;&#x627;&#x647;&#x64A;&#x645; &#x628;&#x646; &#x64A;&#x62D;&#x64A;&#x649; &#x628;&#x646; &#x645;&#x647;&#x62F;&#x64A;&#x60C;</subfield>
    <subfield code="d">600-666 &#x647;&#x62C;&#x631;&#x64A;</subfield>
    <subfield code="e">&#x645;&#x624;&#x644;&#x641;.</subfield>
  </datafield>
  <datafield tag="245" ind1="1" ind2="2">
    <subfield code="a">&#x627;&#x644;&#x644;&#x645;&#x639; &#x641;&#x64A; &#x627;&#x644;&#x641;&#x642;&#x647; &#x627;&#x644;&#x645;&#x627;&#x644;&#x643;&#x64A; /</subfield>
    <subfield code="c">&#x62A;&#x635;&#x646;&#x64A;&#x641; &#x623;&#x628;&#x64A; &#x625;&#x633;&#x62D;&#x627;&#x642; &#x627;&#x644;&#x62A;&#x644;&#x645;&#x633;&#x627;&#x646;&#x64A; &#x627;&#x644;&#x645;&#x627;&#x644;&#x643;&#x64A; &#x61B; &#x62A;&#x62D;&#x642;&#x64A;&#x642; &#x634;&#x631;&#x64A;&#x641; &#x627;&#x644;&#x645;&#x631;&#x633;&#x64A;.</subfield>
  </datafield>
  <datafield tag="250" ind1=" " ind2=" ">
    <subfield code="a">&#x627;&#x644;&#x637;&#x628;&#x639;&#x629; &#x627;&#x644;&#x623;&#x648;&#x644;&#x649;.</subfield>
  </datafield>
  <datafield tag="264" ind1=" " ind2="1">
    <subfield code="a">&#x627;&#x644;&#x642;&#x627;&#x647;&#x631;&#x629; :</subfield>
    <subfield code="b">&#x62F;&#x627;&#x631; &#x627;&#x644;&#x622;&#x641;&#x627;&#x642; &#x627;&#x644;&#x639;&#x631;&#x628;&#x64A;&#x629;&#x60C;</subfield>
    <subfield code="c">2011</subfield>
  </datafield>
  <datafield tag="300" ind1=" " ind2=" ">
    <subfield code="a">317 &#x635;&#x641;&#x62D;&#x629; &#x61B;</subfield>
    <subfield code="c">24 &#x633;&#x645;</subfield>
  </datafield>
  <datafield tag="336" ind1=" " ind2=" ">
    <subfield code="a">&#x646;&#x635;</subfield>
    <subfield code="b">txt</subfield>
    <subfield code="2">rdacontent</subfield>
    <subfield code="3">&#x643;&#x62A;&#x627;&#x628;</subfield>
  </datafield>
  <datafield tag="337" ind1=" " ind2=" ">
    <subfield code="a">&#x628;&#x62F;&#x648;&#x646; &#x648;&#x633;&#x64A;&#x637;</subfield>
    <subfield code="b">n</subfield>
    <subfield code="2">rdamedia</subfield>
  </datafield>
  <datafield tag="338" ind1=" " ind2=" ">
    <subfield code="a">&#x645;&#x62C;&#x644;&#x62F;</subfield>
    <subfield code="b">nc</subfield>
    <subfield code="2">rdacarrier</subfield>
  </datafield>
  <datafield tag="504" ind1=" " ind2=" ">
    <subfield code="a">&#x64A;&#x634;&#x62A;&#x645;&#x644; &#x639;&#x644;&#x649; &#x625;&#x631;&#x62C;&#x627;&#x639;&#x627;&#x62A; &#x628;&#x628;&#x644;&#x64A;&#x648;&#x62C;&#x631;&#x627;&#x641;&#x64A;&#x629;.</subfield>
  </datafield>
  <datafield tag="520" ind1=" " ind2=" ">
    <subfield code="a">&#x643;&#x62A;&#x627;&#x628; &#xAB;&#x627;&#x644;&#x644;&#x645;&#x639; &#x641;&#x64A; &#x627;&#x644;&#x641;&#x642;&#x647; &#x639;&#x644;&#x649; &#x645;&#x630;&#x647;&#x628; &#x627;&#x644;&#x625;&#x645;&#x627;&#x645; &#x645;&#x627;&#x644;&#x643;&#xBB;&#x60C; &#x644;&#x644;&#x634;&#x64A;&#x62E; &#x627;&#x644;&#x639;&#x644;&#x627;&#x645;&#x629; &#x627;&#x644;&#x641;&#x642;&#x64A;&#x647; &#x627;&#x644;&#x639;&#x62F;&#x644; &#xAB;&#x623;&#x628;&#x64A; &#x625;&#x633;&#x62D;&#x627;&#x642; &#x625;&#x628;&#x631;&#x627;&#x647;&#x64A;&#x645; &#x628;&#x646; &#x623;&#x628;&#x64A; &#x632;&#x643;&#x631;&#x64A;&#x627; &#x64A;&#x62D;&#x64A;&#x649; &#x628;&#x646; &#x645;&#x62D;&#x645;&#x62F; &#x628;&#x646; &#x645;&#x648;&#x633;&#x649; &#x627;&#x644;&#x62A;&#x62C;&#x64A;&#x628;&#x64A; &#x627;&#x644;&#x62A;&#x644;&#x645;&#x633;&#x627;&#x646;&#x64A; (&#x62A;663&#x647;&#x640;)&#xBB;&#x60C; &#x647;&#x648;&#x645;&#x646; &#x643;&#x62A;&#x628; &#x627;&#x644;&#x645;&#x62E;&#x62A;&#x635;&#x631;&#x627;&#x62A; &#x627;&#x644;&#x641;&#x642;&#x647;&#x64A;&#x629; &#x627;&#x644;&#x62A;&#x64A; &#x62C;&#x645;&#x639;&#x62A; &#x623;&#x628;&#x648;&#x627;&#x628; &#x627;&#x644;&#x641;&#x642;&#x647; &#x639;&#x644;&#x649; &#x645;&#x630;&#x647;&#x628; &#x645;&#x627;&#x644;&#x643; &#x628;&#x637;&#x631;&#x64A;&#x642;&#x629; &#x645;&#x62E;&#x62A;&#x635;&#x631;&#x629; &#x648;&#x645;&#x631;&#x643;&#x632;&#x629; &#x61B; &#x625;&#x630; &#x639;&#x631;&#x636; &#x641;&#x64A;&#x647; &#x645;&#x624;&#x644;&#x641;&#x647; &#x632;&#x628;&#x62F;&#x629; &#x645;&#x627; &#x641;&#x64A; &#x627;&#x644;&#x623;&#x645;&#x647;&#x627;&#x62A; &#x627;&#x644;&#x641;&#x642;&#x647;&#x64A;&#x629; &#x627;&#x644;&#x62A;&#x64A; &#x62A;&#x642;&#x62F;&#x645;&#x62A;&#x647;. &#x633;&#x627;&#x631; &#x627;&#x644;&#x645;&#x624;&#x644;&#x641; &#x641;&#x64A; &#x639;&#x631;&#x636; &#x645;&#x633;&#x627;&#x626;&#x644; &#x643;&#x62A;&#x627;&#x628;&#x647; &#x639;&#x644;&#x649; &#x627;&#x644;&#x646;&#x647;&#x62C; &#x627;&#x644;&#x630;&#x64A; &#x633;&#x644;&#x643;&#x647; &#x627;&#x644;&#x642;&#x627;&#x636;&#x64A; &#x639;&#x628;&#x62F; &#x627;&#x644;&#x648;&#x647;&#x627;&#x628; &#x627;&#x644;&#x628;&#x63A;&#x62F;&#x627;&#x62F;&#x64A; &#x641;&#x64A; &#x643;&#x62A;&#x627;&#x628;&#x647; &#xAB;&#x627;&#x644;&#x62A;&#x644;&#x642;&#x64A;&#x646;&#xBB;&#x60C; &#x648;&#x627;&#x628;&#x646; &#x627;&#x644;&#x635;&#x648;&#x627;&#x641; &#x627;&#x644;&#x628;&#x635;&#x631;&#x64A; &#x641;&#x64A; &#x643;&#x62A;&#x627;&#x628;&#x647; &#xAB;&#x627;&#x644;&#x62E;&#x635;&#x627;&#x644; &#x627;&#x644;&#x635;&#x63A;&#x64A;&#x631;&#xBB; &#x648;&#x63A;&#x64A;&#x631;&#x647;&#x645;&#x627;&#x60C; &#x641;&#x627;&#x628;&#x62A;&#x62F;&#x623;&#x647; &#x628;&#x627;&#x644;&#x645;&#x633;&#x627;&#x626;&#x644; &#x627;&#x644;&#x645;&#x62A;&#x639;&#x644;&#x642;&#x629; &#x628;&#x623;&#x631;&#x643;&#x627;&#x646; &#x627;&#x644;&#x625;&#x633;&#x644;&#x627;&#x645; &#x627;&#x644;&#x62E;&#x645;&#x633;&#x629; &#x648;&#x645;&#x627; &#x64A;&#x646;&#x62F;&#x631;&#x62C; &#x62A;&#x62D;&#x62A; &#x643;&#x644; &#x645;&#x646;&#x647;&#x627;&#x60C; &#x62B;&#x645; &#x62A;&#x646;&#x627;&#x648;&#x644; &#x628;&#x639;&#x62F; &#x630;&#x644;&#x643; &#x645;&#x633;&#x627;&#x626;&#x644; &#x627;&#x644;&#x62C;&#x647;&#x627;&#x62F;&#x60C; &#x641;&#x627;&#x644;&#x623;&#x64A;&#x645;&#x627;&#x646; &#x648;&#x627;&#x644;&#x646;&#x630;&#x648;&#x631;.</subfield>
  </datafield>
  <datafield tag="650" ind1=" " ind2="7">
    <subfield code="a">&#x627;&#x644;&#x641;&#x642;&#x647; &#x627;&#x644;&#x645;&#x627;&#x644;&#x643;&#x64A;</subfield>
    <subfield code="2">aucsh</subfield>
  </datafield>
  <datafield tag="700" ind1="1" ind2=" ">
    <subfield code="a">&#x627;&#x644;&#x645;&#x631;&#x633;&#x64A;&#x60C; &#x634;&#x631;&#x64A;&#x641;</subfield>
    <subfield code="e">&#x645;&#x62D;&#x642;&#x642;.</subfield>
  </datafield>
  <datafield tag="942" ind1=" " ind2=" ">
    <subfield code="2">ddc</subfield>
    <subfield code="c">BOOK</subfield>
    <subfield code="n">0</subfield>
  </datafield>
  <datafield tag="949" ind1=" " ind2=" ">
    <subfield code="a">SA-JeALM</subfield>
    <subfield code="d">250105</subfield>
    <subfield code="u">mohamedma123</subfield>
    <subfield code="n">1</subfield>
  </datafield>
  <datafield tag="952" ind1=" " ind2=" ">
    <subfield code="0">0</subfield>
    <subfield code="1">0</subfield>
    <subfield code="2">ddc</subfield>
    <subfield code="4">0</subfield>
    <subfield code="7">0</subfield>
    <subfield code="a">WAHAB</subfield>
    <subfield code="b">WAHAB</subfield>
    <subfield code="d">2025-01-05</subfield>
    <subfield code="l">0</subfield>
    <subfield code="o">258.2   &#x62A; &#x644; &#x645;</subfield>
    <subfield code="p">000007068</subfield>
    <subfield code="r">2025-01-05 14:02:07</subfield>
    <subfield code="w">2025-01-05</subfield>
    <subfield code="y">BOOK</subfield>
  </datafield>
  <datafield tag="952" ind1=" " ind2=" ">
    <subfield code="0">0</subfield>
    <subfield code="1">0</subfield>
    <subfield code="2">ddc</subfield>
    <subfield code="4">0</subfield>
    <subfield code="7">0</subfield>
    <subfield code="a">WAHAB</subfield>
    <subfield code="b">WAHAB</subfield>
    <subfield code="d">2025-09-11</subfield>
    <subfield code="l">0</subfield>
    <subfield code="o">258.2 &#x62A; &#x644; &#x645;</subfield>
    <subfield code="p">000018773</subfield>
    <subfield code="r">2025-09-11 12:16:55</subfield>
    <subfield code="w">2025-09-11</subfield>
    <subfield code="y">BOOK</subfield>
  </datafield>
  <datafield tag="999" ind1=" " ind2=" ">
    <subfield code="c">4481</subfield>
    <subfield code="d">4481</subfield>
  </datafield>
</record>
